|
|
|
|
| LEADER |
01120nam a2200361 4500 |
| 001 |
DLU090091809 |
| 005 |
##20091201 |
| 040 |
# |
# |
|a DLU
|b eng
|
| 041 |
# |
# |
|a eng
|
| 044 |
# |
# |
|a us
|
| 245 |
# |
# |
|a Activities of bacillus thuringiensis insecticidal crystal proteins Cyt1Aa and Cyt2Aa against three species of sheep blowfly /
|c Chris N. Chilcott ... [et al.].
|
| 653 |
# |
# |
|a Bacillus thuringiensis
|
| 653 |
# |
# |
|a Bacteria
|
| 653 |
# |
# |
|a Biological control
|
| 653 |
# |
# |
|a Lucilia cuprina
|
| 653 |
# |
# |
|a Microbial insecticides
|
| 653 |
# |
# |
|a Toxicity
|
| 653 |
# |
# |
|a Toxin
|
| 700 |
# |
# |
|a Broadwell, Andrew H.
|
| 700 |
# |
# |
|a Chilcott, Chris N.
|
| 700 |
# |
# |
|a Ellar, David J.
|
| 700 |
# |
# |
|a Park, Danny J.
|
| 700 |
# |
# |
|a Wigley, Peter J.
|
| 773 |
# |
# |
|t Applied and Environmental Microbiology
|g Vol. 64, no. 10 (October 1998), p. 4060-4061
|
| 920 |
# |
# |
|a Phòng Tạp chí -- Trung tâm Thông tin - Thư viện Trường Đại học Đà Lạt
|
| 994 |
# |
# |
|a DLU
|
| 900 |
# |
# |
|a True
|
| 911 |
# |
# |
|a Trương Bảo Trâm Anh
|
| 925 |
# |
# |
|a G
|
| 926 |
# |
# |
|a A
|
| 927 |
# |
# |
|a BB
|
| 980 |
# |
# |
|a Thư viện Trường Đại học Đà Lạt
|